[Event "Calgary Southern Alberta op"]
[Site "Calgary"]
[Date "2007.11.18"]
[Round "5"]
[White "Kalaydina, Regina Veronicka"]
[Black "Pellerin, Franck F"]
[Result "1/2-1/2"]
[WhiteElo "1415"]
[BlackElo "1828"]
[PlyCount "55"]
[EventDate "2007.11.17"]
[EventType "swiss"]
[EventRounds "5"]
[EventCountry "CAN"]
[SourceTitle "EXT 2022"]
[Source "ChessBase"]
[SourceDate "2021.10.06"]
[SourceVersion "1"]
[SourceVersionDate "2021.10.06"]
[SourceQuality "1"]

1. e4 e5 2. Nf3 Nc6 3. Bc4 Bc5 4. c3 Nf6 5. d3 d6 6. a4 a6 7. 0-0 0-0 8. Nbd2 h6 9. h3 Rb8 10. b4 Bb6 11. Re1 Be6 12. Ba2 Bxa2 13. Rxa2 Qe8 14. Nf1 Qe6 15. Rd2 Ne7 16. d4 c6 17. Ng3 Rbd8 18. Nh4 Qc4 19. a5 Ba7 20. dxe5 Nfd5 21. exd6 Rxd6 22. exd5 Qxh4 23. Re4 Qxg3 24. Rxe7 Rg6 25. Qf1 Qd6 26. Qe2 Qg3 27. Qf1 Qd6 28. Qe2 1/2-1/2

[Event "Alberta op"]
[Site "Calgary"]
[Date "1993.10.10"]
[Round "4"]
[White "Odachowski, Arthur"]
[Black "Pellerin, Franck F"]
[Result "0-1"]
[WhiteElo "2263"]
[BlackElo "1921"]
[PlyCount "56"]
[EventDate "1993.10.09"]
[EventType "swiss"]
[EventRounds "6"]
[EventCountry "CAN"]
[SourceTitle "EXT 2017"]
[Source "ChessBase"]
[SourceDate "2016.10.25"]
[SourceVersion "1"]
[SourceVersionDate "2016.10.25"]
[SourceQuality "1"]

1. d4 d5 2. c4 e6 3. Nc3 Nf6 4. Nf3 c6 5. Bg5 dxc4 6. a4 Nbd7 7. e4 Qa5 8. Bd2 Bb4 9. Bxc4 0-0 10. 0-0 e5 11. d5 cxd5 12. Bxd5 Nb6 13. Nxe5 Nbxd5 14. exd5 Nxd5 15. Nxd5 Bxd2 16. Ne7+ Kh8 17. Nc4 Qc7 18. Nxc8 Qxc4 19. Nxa7 Rxa7 20. Qxd2 Rxa4 21. Rac1 Qa6 22. Rc2 Qb6 23. Qd7 Rd4 24. Qe7 Kg8 25. Rc7 Rd2 26. Rxb7 Qc6 27. Re1 Rdd8 28. b4 Rde8 0-1